01621nab a2200229 i 4500003000900000005001700009008004100026040001800067072000800085100003100093245007200124500006600196520076300262650001501025650001101040650001401051650002201065773019901087856007801286942000801364999001901372BR-BrBNA20250408092755.0250408b2016 bl.qr|pooa||| 00| 0 por | aBR-BrBNAbpor aF70 aLobão, Adriana Quintella aFlora das cangas da Serra dos Carajás, Pará, Brasil: Annonaceae aPublicação on-line; 17 ref,. 1 illus.; Summaries (En, Pt) a Resumo Annonaceae está representada nas cangas e matas baixas (transição com o campo rupestre) da Serra de Carajás por duas espécies: Guatteriapunctata e Xylopia aromatica. Apresentam-se chave de identificação das espécies, descrições e comentários sobre fenologia, distribuição geográfica e hábitats. Palavras-chave: Amazônia, Guatteria, Pará, taxonomia, Xylopia. Abstract Annonaceae is represented in cangas and forest (transition with rocky outcrops) of Serra de Carajás by two species: Guatteriapunctata and Xylopia aromatica. An identification key, descriptions and comments on the phenology, geographic distribution, and habitats are included. Key words: Amazônia, Guatteria, Pará, taxonomy, Xylopia.  aAMAZÔNIA aPARÁ aTAXONOMIA aXYLOPIA AROMATICA0 07099349694dRio de Janeiro-RJ Jardim Botanico do Rio de Janeiro 1935o2025-2214tRodriguésia (Brazil)x0370-6583; 2175-7860 on-linegv. 67(5 special number) p. 1205-1209; (2016)wBR2025000288 uhttps://www.scielo.br/j/rod/a/jTswjGggmpmN9bVhJ7Ww6fP/?format=pdf&lang=pt cANA c330902d330902